Boston, Sunday, January 12, 1777 : The letters, whereof the following are extracts, being wrote by several field officers in the American army, arrived in town last evening, and are made public for the perusal of the several gentlemen who subscribed to defray the expences of obtaining intelligence from the army.

Bibliographic Details
Format: eBook
Language:English
Series:Early American imprints. Evans (1639-1800) ; no. 15246.
Subjects:
Online Access:Evans Digital Edition

MARC

Tag First Indicator Second Indicator Subfields
LEADER 00000cam a2200000 a 4500
001 in00002132421
006 m e d #
007 cr mn mmmmabba
008 810914s1777 mau s 000 0 eng d
005 20260331160340.2
035 |z w010597 
035 |a MAAR8109144402B 
035 |9 mwa91-5962 
035 |a 315002 
035 |a aas03010597 
040 |a MWA  |c MWA  |e bdrb  |d UtOrBLW 
245 0 0 |a Boston, Sunday, January 12, 1777 :  |b The letters, whereof the following are extracts, being wrote by several field officers in the American army, arrived in town last evening, and are made public for the perusal of the several gentlemen who subscribed to defray the expences of obtaining intelligence from the army. 
264 3 |a [Boston] :  |b Printed by Powars and Willis,  |c [1777] 
300 |a 1 sheet (1 unnumbered page) ;  |c 40 x 26 cm. 
336 |a text  |b txt  |2 rdacontent 
337 |a computer  |b c  |2 rdamedia 
338 |a online resource  |b cr  |2 rdacarrier 
500 |a Extracts of six letters from Pennsylvania and New Jersey describing the battle of Trenton; dated Dec. 24, 1776, to Jan. 2, 1777. 
500 |a Text in three columns; printed area measures 29.2 x 22.4 cm. 
510 4 |a Evans  |c 15246 
510 4 |a Ford, W.C. Broadsides,  |c 2053 
530 |a Microform version available in the Readex Early American Imprints series. 
533 |a Electronic text and image data.  |b [Chester, Vt. :  |c Readex, a division of Newsbank, Inc.,  |d 2002-2004.  |e Includes files in TIFF, GIF and PDF formats with inclusion of keyword searchable text.  |f (Early American imprints. First series ; no. 15246). 
500 |a Electronic resource. 
650 0 |a Trenton, Battle of, Trenton, N.J., 1776. 
651 0 |a United States  |x History  |y Revolution, 1775-1783  |x Campaigns. 
651 0 |a United States  |x History, Military. 
655 7 |a Broadsides.  |2 rbgenr 
752 |a United States  |b Massachusetts  |d Boston. 
830 0 |a Early American imprints.  |n Series I,  |p Evans (1639-1800) ;  |v no. 15246. 
856 4 1 |u http://proxy.library.tamu.edu/login?url=https://opac.newsbank.com/select/evans/15246  |y Evans Digital Edition  |t 0 
999 |a MARS 
999 f f |s 2e6adbcd-6681-39b9-922d-90e4dc616736  |i ddcbf405-29a2-39b1-8c1b-afe2359de959  |t 0 
952 f f |a Texas A&M University  |b College Station  |c Electronic Resources  |s www_evans  |d Available Online  |t 0  |h No information provided 
998 f f |t 0  |l Available Online